书目信息 |
| 题名: |
检验与临床诊断
|
|
| 作者: | 王学谦 主编 | |
| 分册: | ||
| 出版信息: | 北京 人民军医出版社 2006.06 |
|
| 页数: | 468页 | |
| 开本: | 21cm | |
| 丛书名: | 检验与临床诊断丛书 | |
| 单 册: | ||
| 中图分类: | R4 | |
| 科图分类: | R4 | |
| 主题词: | 骨质疏松-医学检验 | |
| 电子资源: | ||
| ISBN: | 7-5091-0094-1 | |
| 000 | 00759nam0 2200241 450 | |
| 001 | 0640542780 | |
| 005 | 20061011091033.48 | |
| 010 | @a7-5091-0094-1@dCNY 39.00 | |
| 100 | @a20060825d2006 km y0chiy0120 ea | |
| 101 | 0 | @achi |
| 102 | @aCN@b110000 | |
| 200 | 1 | @a检验与临床诊断@Ajian yan yu lin chuang zhen duan@e骨质疏松与骨关节病分册@f王学谦主编@Fwang xue qian zhu bian |
| 210 | @a北京@c人民军医出版社@d2006.06 | |
| 215 | @a468页@d21cm | |
| 225 | 2 | @a检验与临床诊断丛书 |
| 410 | 0 | @12001 @a检验与临床诊断丛书 |
| 517 | 1 | @a骨质疏松与骨关节病分册@Agu zhi shu song yu gu guan jie bing fen ce |
| 606 | 0 | @a骨质疏松-医学检验 |
| 690 | @aR4@v4 | |
| 692 | @aR4 | |
| 701 | 0 | @a王学谦@Awang xue qian@4主编 |
| 801 | 0 | @aCN@c20061011 |
| 905 | @a10447@dR4@eW405 | |
| 检验与临床诊断:骨质疏松与骨关节病分册/王学谦主编.-北京:人民军医出版社,2006.06 |
| 468页;21cm.-(检验与临床诊断丛书) |
| ISBN 7-5091-0094-1:CNY 39.00 |
| ● |
| 相关链接 |
|
|
|
正题名:检验与临床诊断
索取号:R4/W405
 
预约/预借
| 序号 | 登录号 | 条形码 | 馆藏地/架位号 | 状态 | 备注 |
| 1 | 610053 | 206100538 | 自科库401/401自科库 16排3列1层/ [索取号:R4/W405] | 在馆 | |
| 2 | 610054 | 206100547 | 自科库401/401自科库 13排4列4层/ [索取号:R4/W405] | 在馆 | |
| 3 | 610055 | 206100556 | 自科库401/401自科库 13排4列4层/ [索取号:R4/W405] | 在馆 |